ბათუმის შოთა რუსთაველის სახელმწიფო უნივერსიტეტის ბიბლიოთეკა

Агрохимия (ბიბ.ჩანაწერი № 45643)

000 -LEADER
fixed length control field 00561nam a2200217Ia 4500
001 - CONTROL NUMBER
control field 12469
003 - CONTROL NUMBER IDENTIFIER
control field GE_BSU
008 - FIXED-LENGTH DATA ELEMENTS--GENERAL INFORMATION
fixed length control field 181216s||||||||xx |||||||||||||| ||und||
040 ## - CATALOGING SOURCE
Transcribing agency GE_BSU
080 ## - UNIVERSAL DECIMAL CLASSIFICATION NUMBER
Universal Decimal Classification number 631(075.32)+631.8(075.32)
100 ## - MAIN ENTRY--PERSONAL NAME
Personal name Жежель,Н.Г.
245 ## - TITLE STATEMENT
Title Агрохимия
245 ## - TITLE STATEMENT
Remainder of title Уч-к для сельхоз техник-в
245 ## - TITLE STATEMENT
Statement of responsibility, etc. Ред.Г.А.Пенькова
260 ## - PUBLICATION, DISTRIBUTION, ETC.
Place of publication, distribution, etc. Ленинград
260 ## - PUBLICATION, DISTRIBUTION, ETC.
Name of publisher, distributor, etc. Колос
260 ## - PUBLICATION, DISTRIBUTION, ETC.
Date of publication, distribution, etc. 1955
300 ## - PHYSICAL DESCRIPTION
Extent 262стр.22см.
653 ## - INDEX TERM--UNCONTROLLED
Uncontrolled term Агрохимия
942 ## - ADDED ENTRY ELEMENTS (KOHA)
Koha item type წიგნი
ეგზემპლარები
Withdrawn status Lost status Damaged status Not for loan Date acquired Barcode Date last seen Price effective from Koha item type
        2018-12-17 20710 2018-12-17 2018-12-17 წიგნი